000 00277nam a22001097a 4500
008 170116b xxu||||| |||| 00| 0 eng d
020 _a0397546416
041 _aeng
080 _26TH
_a618.2
245 _aTEXTBOOK OF MEDICAL-SURGICAL NURSING
_cBRUNNER & SUDDARTH
942 _2udc
_cBK
999 _c2936
_d2936